| Tag |
First Indicator |
Second Indicator |
Subfields |
| LEADER |
00000cam a2200000 4500 |
| 001 |
in00000097924 |
| 005 |
20150925115250.0 |
| 008 |
740607r19711969fr a b i10000 eng |
| 010 |
|
|
|a 74166079
|
| 015 |
|
|
|a F***
|
| 035 |
|
|
|a (OCoLC)00958850
|
| 035 |
|
|
|9 AAL3119AM
|
| 040 |
|
|
|a DLC
|c DLC
|d TXA
|d UtOrBLW
|
| 049 |
|
|
|a TXAM
|c 1 [924615]
|c 2 [924616]
|
| 050 |
0 |
0 |
|a TP315
|b .O73 1971
|
| 082 |
0 |
|
|a 662/.6
|
| 110 |
2 |
|
|a Organisation for Economic Co-operation and Development.
|b Environment Directorate.
|
| 245 |
1 |
0 |
|a Developments in desulphurisation research on fuel and flue gases, June 1969.
|
| 264 |
|
1 |
|a Paris :
|b Organisation for Economic Co-operation and Development,
|c 1971.
|
| 300 |
|
|
|a 45 pages :
|b illustrations ;
|c 30 cm.
|
| 336 |
|
|
|a text
|b txt
|2 rdacontent
|
| 337 |
|
|
|a unmediated
|b n
|2 rdamedia
|
| 338 |
|
|
|a volume
|b nc
|2 rdacarrier
|
| 500 |
|
|
|a Cover title.
|
| 500 |
|
|
|a "Originally entitled: Ad hoc meeting on desulphurisation research on fuel and flue gases, issued September/October, 1969."
|
| 504 |
|
|
|a Includes bibliographical references.
|
| 650 |
|
0 |
|a Fuel
|v Congresses.
|
| 650 |
|
0 |
|a Flue gases
|v Congresses.
|
| 650 |
|
0 |
|a Desulfurization
|v Congresses.
|
| 999 |
|
|
|a MARS
|
| 999 |
f |
f |
|s 67d96aa7-9c1d-344d-a1cb-77bfab861c49
|i ecb11f3c-c821-3e64-9803-f99cd7d07e26
|t 0
|
| 952 |
f |
f |
|p ric
|a Texas A&M University
|b Rellis Campus
|c Joint Library Facility
|d Remote Storage
|t 0
|e TP315 .O73 1971
|h Library of Congress classification
|i unmediated -- volume
|m A14805604018
|
| 998 |
f |
f |
|a TP315 .O73 1971
|t 0
|l Remote Storage
|